zpět

Detail výsledku týmu

Na Tahu , Olomouc

Datum a čas kvízu

11 Celkem bodů Celkový počet nahraných bodů na tomto kvízu bez doplňovacích otázek.
3. Pořadí na kvízu Konečné umístění týmu na tomto kvízu.

Zaznamenané odpovědi

# Otázka Odpověď Body Výsledky
1. První Češka v historii pronikl... Věra Jourová 0
2. Parlament jednoho evropského s... o Řecku 0
3. Ministr kultury Antonín Staněk... Národní galerie; Muzeum umění Olomouc (stačí uvést Národní galerie a Muzeum Olomouc) 0
4. Pošťuchování mezi dvěma e-shop... CZC.cz 0
5. Záložník fotbalové Slavie si v... Petr Ševčík 1
6. V pondělí v podvečer zachvátil... svatý Ludvík (Louis) 0
7. Jeruzalémský Chrám, dle Bible... Šalamoun (též Šalomoun) 0
8. Město, ke kterému odkazuje tat... Drážďany 0
9. Stavba Národního divadla v Pra... František Josef I. 0
10. Více než padesát metrů a skoro... v Afghánistánu 0